000 00715nam a2200289Ia 4500
005 20260324113055.0
008 008 260324s9999 xx 000 0 eng d
020 _a9781003325277
037 _aEBOOK
040 _aCRL
040 _beng
040 _cCRL
041 _2eng
041 _aeng
084 _qCRL
100 _aSanju Bala Dhull; Aarti Bains; Prince Chawla; Sawinder Kaur
_91145311
245 0 _aPseudocereals
245 0 _bProduction, Processing, and Nutrition
260 _bTaylor and Francis
260 _c2024
365 _a
365 _b355
856 _uhttp://www.taylorfrancis.com/books/9781003325277
942 _cEBOOK
999 _c1734774
_d1734774